000 00869cab a2200229 4500
001 X3282
008 090401t1996 xxu||||| |||| 00| 0 eng d
035 _a(Sirsi) u29600
041 _aeng
100 _aDixon, T.
245 _aSurveyors fail in Information Technology
260 _c1996
350 _a0
490 _aCSM (Chartered Surveyor Monthly)
_v5(4) January 1996, 43(1)
520 _aSummarises the findings of a report by the College of Estate Mangagement which revealed that many surveying firms lacked an IT strategy. The research goes on to make recommendations regarding training in IT.
650 _aMANAGEMENT-BUSINESS MANAGEMENT-INFORMATION MANAGEMENT
650 _aCAREERS, EDUCATION AND TRAINING
690 _aMANAGEMENT-BUSINESS MANAGEMENT-INFORMATION MANAGEMENT
690 _aPROFESSIONAL PRACTICE
942 _n0
948 _c04/03/1997
999 _c19917
_d19917